000 00786nam a2200241Ia 4500
003 OSt
005 20220925235335.0
006 a|||||r|||| 00| 0
007 ta
008 220923b |||||||| |||| 00| 0 eng d
020 _a9788189524326
_c35
037 _b878, 12/03/2013, Pranami Book Service
_cGeneral Book
040 _aRTL
_cRTL
_beng
041 _2eng
_aeng
082 _aY9(W:5), P8
100 _aFRASER Nancy
_9145618
245 0 _aSocial justice in the age of identity politics
_b Redistribution, recognition, and participation.
260 _a New Delhi
_bCritical Quest
_c2008
300 _a48p.
_ccm.
650 _aSociology
942 _hY9(W:5), P8
_cGB
_2CC
999 _c597205
_d597205